[Event "St Louis Winter A 2018"]
[Site "Saint Louis USA"]
[Date "2018.11.13"]
[Round "9.1"]
[White "Robson, Ray"]
[Black "Sasikiran, Krishnan"]
[Result "1/2-1/2"]
[WhiteTitle "GM"]
[BlackTitle "GM"]
[WhiteElo "2676"]
[BlackElo "2671"]
[WhiteFideId "2023970"]
[BlackFideId "5004985"]
[EventDate "2018.11.05"]

1. e4 e5 2. Nf3 Nc6 3. Bb5 a6 4. Ba4 Nf6 5. O-O Be7 6. Re1 b5 7. Bb3 O-O 8. a4
b4 9. d3 d6 10. a5 Be6 11. Bxe6 fxe6 12. Nbd2 Rb8 13. c3 d5 14. Qe2 bxc3 15.
bxc3 Rb5 16. exd5 exd5 17. Nxe5 Nxe5 18. Qxe5 Bd6 19. Qe2 d4 20. cxd4 Bxh2+ 21.
Kf1 Qxd4 22. Ba3 Bd6 23. Qe6+ Kh8 24. Qc4 Qa7 25. Nf3 h6 26. Kg1 Qb8 27. Bxd6
cxd6 28. Qc6 Qa8 29. Qxd6 Rd5 30. Qb4 Rb5 31. Qc4 Rc8 32. Qf7 Rf8 33. Qc4 Rc8
34. Qf4 Nd5 35. Qg3 Rf8 36. Ne5 Nf4 37. Ra4 Rb1 38. Ng6+ Kg8 39. Rxb1 Ne2+ 40.
Kh2 Nxg3 41. Nxf8 Qe8 42. Rg4 Nf1+ 43. Rxf1 Qe2 44. f3 Qxf1 45. Ne6 Qxd3 46.
Rxg7+ Kh8 47. f4 Qd5 48. Re7 Qxa5 49. Re8+ Kh7 50. g4 Kg6 51. f5+ Kf6 52. Rf8+
Ke5 53. Rc8 Qd2+ 54. Kg3 a5 55. Re8 Qe1+ 56. Kh3 Qh1+ 57. Kg3 Qg1+ 58. Kf3 Kd6
59. Nf4 Kd7 60. Re3 Qa1 61. Nd3 Kd8 62. Ne5 a4 63. Nc6+ Kc7 64. Nb4 Qf1+ 65. Kg3
Qc4 66. Nd3 Qc3 67. Rf3 Qf6 68. Nb4 Kd6 69. Kh3 Kc5 70. Nc2 Kc4 71. Na3+ Kd5 72.
Nc2 Ke4 73. Ra3 Qc6 74. Ne1 Kf4 75. Rf3+ Kg5 76. f6 Qxf6 77. Rxf6 Kxf6 78. Nc2
Kg5 79. Kg3 h5 1/2-1/2

[Event "St Louis Winter A 2018"]
[Site "Saint Louis USA"]
[Date "2018.11.13"]
[Round "9.2"]
[White "Quesada Perez, Yuniesky"]
[Black "Motylev, Alexander"]
[Result "1-0"]
[WhiteTitle "GM"]
[BlackTitle "GM"]
[WhiteElo "2612"]
[BlackElo "2661"]
[WhiteFideId "3504409"]
[BlackFideId "4121830"]
[EventDate "2018.11.05"]

1. e4 c5 2. Nf3 Nc6 3. d4 cxd4 4. Nxd4 Nf6 5. Nc3 d6 6. Bg5 e6 7. Qd2 a6 8.
O-O-O Bd7 9. f4 b5 10. Bxf6 gxf6 11. Kb1 Qb6 12. Nxc6 Bxc6 13. f5 b4 14. Ne2 e5
15. Ng3 h5 16. Bc4 h4 17. Nf1 Bxe4 18. Qe2 Bxf5 19. Ne3 Be6 20. Qf3 Rc8 21. Bxe6
fxe6 22. Qxf6 Rh6 23. Qg5 Qc7 24. Rhf1 Qg7 25. Qxg7 Bxg7 26. Rxd6 a5 27. Ra6 Rf6
28. Rxf6 Bxf6 29. Rxa5 e4 30. Ng4 Kf7 31. a4 Bd4 32. Kc1 e3 33. Kd1 e2+ 34. Kxe2
Rxc2+ 35. Kd3 Rxg2 36. Rg5 Rxb2 37. Kxd4 Ra2 38. a5 1-0

[Event "St Louis Winter A 2018"]
[Site "Saint Louis USA"]
[Date "2018.11.13"]
[Round "9.3"]
[White "Miroshnichenko, Evgenij"]
[Black "Sevian, Samuel"]
[Result "0-1"]
[WhiteTitle "GM"]
[BlackTitle "GM"]
[WhiteElo "2606"]
[BlackElo "2641"]
[WhiteFideId "14102595"]
[BlackFideId "2040506"]
[EventDate "2018.11.05"]

1. Nf3 Nf6 2. g3 d5 3. Bg2 e6 4. O-O c5 5. d3 Nc6 6. Nbd2 Be7 7. e4 O-O 8. Re1
b5 9. a4 b4 10. exd5 Nxd5 11. Nc4 Bb7 12. Bd2 Rc8 13. h4 h6 14. Kh2 Bf6 15. Re2
Nb6 16. Nxb6 Qxb6 17. Rb1 Ne7 18. b3 Rfd8 19. Qh1 Nf5 20. Be3 Bd4 21. Nd2 Bd5
22. Bxd5 exd5 23. Qf3 Qf6 24. Bxd4 Nxd4 25. Qxf6 gxf6 26. Re7 Re8 27. Re3 Nxc2
28. Rxe8+ Rxe8 29. Rc1 Ne1 30. Rxc5 Re2 31. Nf1 Rxf2+ 32. Kg1 Rg2+ 33. Kh1 Rb2
34. Rxd5 Rxb3 35. Rb5 Rb2 36. d4 Kf8 37. a5 Nf3 38. d5 Ke7 39. Rb7+ Kd6 40. Rxa7
Rf2 41. a6 Rxf1+ 42. Kg2 Nd2 0-1

[Event "St Louis Winter A 2018"]
[Site "Saint Louis USA"]
[Date "2018.11.13"]
[Round "9.4"]
[White "Swiercz, Dariusz"]
[Black "Xiong, Jeffery"]
[Result "1/2-1/2"]
[WhiteTitle "GM"]
[BlackTitle "GM"]
[WhiteElo "2636"]
[BlackElo "2675"]
[WhiteFideId "1126881"]
[BlackFideId "2047640"]
[EventDate "2018.11.05"]

1. e4 c5 2. Nf3 d6 3. d4 cxd4 4. Nxd4 Nf6 5. Nc3 a6 6. Be3 e5 7. Nf3 Qc7 8. Be2
h6 9. O-O Be7 10. a4 Be6 11. Nd5 Nxd5 12. exd5 Bf5 13. Bd3 Bxd3 14. cxd3 Nd7 15.
Qb3 Nf6 16. Nd2 O-O 17. Ne4 Rac8 18. Rfc1 Qd7 19. Nxf6+ Bxf6 20. Rc4 Rxc4 21.
dxc4 e4 22. Qc2 Rc8 23. Rc1 b5 24. axb5 axb5 25. Qxe4 Bxb2 26. Rc2 Bf6 27. cxb5
Rxc2 28. Qxc2 Qxb5 29. Qe4 Bg5 30. Bxg5 hxg5 31. g3 g6 32. h3 Qb2 33. Kg2 Kg7
34. Qe3 Kf6 35. h4 gxh4 36. Qf4+ Ke7 37. Qxh4+ Qf6 38. Qc4 g5 39. f4 gxf4 40.
gxf4 Qb2+ 41. Kg3 Kf6 42. Qe4 Qd2 43. Kg4 Qd1+ 44. Kg3 Qg1+ 45. Kh3 Qg8 46. Kh4
Qg1 47. Kh3 Qg6 48. Qxg6+ Kxg6 49. Kg4 Kf6 50. Kg3 Kf5 51. Kf3 Kg6 1/2-1/2

[Event "St Louis Winter A 2018"]
[Site "Saint Louis USA"]
[Date "2018.11.13"]
[Round "9.5"]
[White "Melkumyan, Hrant"]
[Black "Shimanov, Aleksandr"]
[Result "1-0"]
[WhiteTitle "GM"]
[BlackTitle "GM"]
[WhiteElo "2668"]
[BlackElo "2620"]
[WhiteFideId "13302485"]
[BlackFideId "4198603"]
[EventDate "2018.11.05"]

1. d4 d6 2. e4 Nf6 3. Bd3 e5 4. c3 d5 5. dxe5 Nxe4 6. Nf3 Nc5 7. Bc2 Bg4 8. O-O
Be7 9. Bf4 Ne6 10. Bg3 O-O 11. Nbd2 Bh5 12. Qb1 Bg6 13. Rd1 c6 14. Nf1 Nd7 15.
Ne3 Bc5 16. Nf5 a5 17. b4 axb4 18. cxb4 Bb6 19. a4 f6 20. a5 Ba7 21. Re1 Nxe5
22. Rxe5 fxe5 23. Bh4 Bxf5 24. Bxd8 Bxc2 25. Qxc2 Raxd8 26. a6 Nd4 27. Nxd4 Bxd4
28. Rf1 bxa6 29. Qxc6 Rf6 30. Qb7 h6 31. g3 Kh8 32. Kg2 e4 33. Rd1 Rxf2+ 34. Kh3
Bf6 35. Rxd5 Re8 36. Qc6 Re7 37. Rd8+ Kh7 38. Re8 Rxe8 39. Qxe8 Re2 40. Qd7 h5
41. Qd1 Rb2 42. Qxh5+ Kg8 43. Qe8+ Kh7 44. Qxe4+ g6 45. Qf4 Bg7 46. Qc4 Bf8 47.
Qh4+ Bh6 48. Qe7+ Bg7 49. Qd6 Ra2 50. Qe6 Ra4 51. Qb3 Ra1 52. Qc4 a5 53. Qh4+
Bh6 54. b5 a4 55. g4 g5 56. Qg3 a3 57. Qd3+ Kh8 58. Qg6 Bf8 59. Qh5+ Kg8 60.
Qxg5+ Kf7 61. Qd5+ Kg6 62. Qf5+ 1-0